[PAROLES] Le Crapaud - Josman - Statistiques

Statistiques générales
  • Ce quiz a été pris 17 fois
  • Le résultat moyen est 260 sur 389
Statistiques - réponses
Réponse % Correct
a
92%
coeur,
92%
coeur
92%
éviter
92%
faut
92%
Mon
92%
mon
92%
pleures
92%
Pour
92%
pour
92%
que
92%
si
92%
Si
92%
te
92%
tu
92%
Tu
92%
vit
92%
vite
92%
approches
83%
ceux
83%
de
83%
dedans
83%
dedans,
83%
d'épines
83%
et
83%
J'ai
83%
j'ai
83%
je
83%
Je
83%
le
83%
Ma
83%
m'a
83%
ma
83%
pas
83%
piquent
83%
qui
83%
qu'tu
83%
souvent
83%
s'y
83%
ta
83%
tas
83%
t'en
83%
un
83%
y
83%
crié
75%
dans
75%
d'El
75%
des
75%
frottent
75%
la
75%
La
75%
me
75%
on
75%
au-dessus
67%
Baby,
67%
beaucoup
67%
Beaucoup
67%
ça
67%
capi,
67%
capitaine
67%
Chapo
67%
cible,
67%
cible
67%
comme
67%
couilles
67%
c'que
67%
crade
67%
crapaud
67%
d'efforts,
67%
dit
67%
d'la
67%
est
67%
eu
67%
fait
67%
génération
67%
grave,
67%
guapo
67%
high
67%
j'étais
67%
J'suis
67%
j'suis
67%
lune
67%
l'viseur
67%
"Mayday"
67%
Mayday
67%
mes
67%
mets
67%
Moi
67%
n'ai
67%
num'
67%
peines,
67%
petit
67%
pleine,
67%
qu'elle
67%
rendu
67%
SIM
67%
sur
67%
système
67%
ton
67%
Tout
67%
tout
67%
trop
67%
trouve
67%
une
67%
vie
67%
château
58%
courbatures
58%
d'erreurs,
58%
en
58%
j'porte
58%
J'sais
58%
Krabs
58%
lit
58%
mais
58%
Mais
58%
Mamie
58%
même
58%
princesse
58%
quand
58%
ruines,
58%
sais
58%
secousses
58%
sismiques
58%
vendu,
58%
Yeah,
58%
yeah
58%
Yeah
58%
bateau
50%
cime
50%
coup
50%
coupe
50%
crapule,
50%
j'fais
50%
J'fais
50%
m'aider
50%
mener
50%
mines
50%
50%
part,
50%
petite
50%
posé
50%
questions
50%
ratures
50%
savoir
50%
suis
50%
toujours
50%
vais,
50%
vais
50%
vérité
50%
veux
50%
all
42%
après
42%
bon
42%
Capo
42%
crier
42%
day
42%
d'histoires,
42%
dis
42%
gâteau
42%
grosse
42%
honnêteté,
42%
jour
42%
J'vais
42%
J'voulais
42%
j'voulais
42%
j'y
42%
laisser
42%
l'capot
42%
l'chapeau
42%
l'drapeau
42%
les
42%
livre
42%
midnight
42%
oeil
42%
Oh,
42%
Oh-oh-oh
42%
ouvert
42%
paix,
42%
partirai
42%
qu'un
42%
ressens
42%
sali
42%
tâché
42%
toute
42%
viseur
42%
cette
33%
course
33%
d'leçons
33%
fond
33%
haine,
33%
j'assume,
33%
j'encaisse
33%
l'noir,
33%
m'peine
33%
n'peux
33%
plomb
33%
putain
33%
sight
33%
tapis,
33%
cauchemars
25%
j'coupe
25%
j'recoupe
25%
j'ti-sor
25%
poto,
25%
son
25%
temps
25%
temps,
25%
touche
25%
Aucun
17%
dei
17%
ne
17%
Solo
17%
d'coeur
8%
Aucun quiz correspondant
Distribution des résultats
% des personnes avec chaque résultat
Percentile par nombre de réponses
Votre historique - résultats
Vous n’avez pas pris ce quiz